| 000 | 00678nam a22002297a 4500 | ||
|---|---|---|---|
| 003 | OSt | ||
| 005 | 20140310183114.0 | ||
| 008 | 130128t xxu||||| |||| 00| 0 eng d | ||
| 020 | _a9719261366 | ||
| 050 |
_aBV4655 _b.G613 2006 |
||
| 082 |
_aFIL 241.5 _bG613h 2006 |
||
| 245 |
_aHappy secrets to an obedient life _b10 ways to have joy beyond your wildest dreams _cGogna, Arun ; ed. by Singson, Rissa |
||
| 260 |
_aQuezon City : _bShepherd's Voice Publications, _c2006. |
||
| 300 |
_a118 p _bill. _c21 cm |
||
| 521 | _aCollege | ||
| 526 | _c1210L-1700L | ||
| 541 | _j1 | ||
| 541 | _j2 | ||
| 541 | _j3 | ||
| 562 | _e3 | ||
| 942 |
_2lcc _cBK _kFIL |
||
| 999 |
_c18877 _d18877 |
||